000 00351nam a2200145Ia 4500
008 230917s9999||||xx |||||||||||||| ||und||
040 _e25830
_aMAIN
041 _aEnglish
082 _a005.43 W185I
100 _aWang, Paul S
245 0 _aIntroduction to Berkeley UNIX
260 _aBelmont
_bWadsworth
_c1988
300 _axv, 512 p.
942 _cBK
999 _c77971
_d77971